Αριστοτέλους το "όργανον" : αναλυτικά ύστερα
Αποθηκεύτηκε σε:
| Κύριος συγγραφέας: | |
|---|---|
| Άλλοι συγγραφείς: | |
| Μορφή: | Βιβλίο |
| Γλώσσα: | Greek Ancient Greek |
| Δημοσίευση: |
Αθήνα :
[Γεωργιάδης],
1999
|
| Θέματα: | |
| Ετικέτες: |
Προσθήκη ετικέτας
Δεν υπάρχουν, Καταχωρήστε ετικέτα πρώτοι!
|
MARC
| LEADER | 00000cam a2200000 i 4500 | ||
|---|---|---|---|
| 001 | 1/24463 | ||
| 008 | 060216s1999 gr | ||| |||| ||gre|| | ||
| 020 | |a 9603160946 (τ.1) | ||
| 020 | |a 9603160938 (set) | ||
| 035 | |l 10082676 | ||
| 040 | |a GR-MY-UA |b gre |e aacr | ||
| 041 | 1 | |a gre |h grc | |
| 082 | 0 | |a 160 |2 (22) | |
| 100 | 0 | |a Αριστοτέλης, |d 384-322 π.Χ. | |
| 245 | 1 | 0 | |a Αριστοτέλους το "όργανον" : |b αναλυτικά ύστερα / |c Αριστοτέλης ; μεταφρασή - επιμελεία Αριστειδης Παπανδρέου |
| 246 | 3 | 3 | |a Όργανον |
| 260 | |a Αθήνα : |b [Γεωργιάδης], |c 1999 | ||
| 300 | |a 4 τ.; |c 21 εκ. | ||
| 650 | 0 | 0 | |a Modality (Logic) |
| 650 | 0 | 0 | |a Metaphysics. |
| 700 | 1 | |a Παπανδρέου, Αριστείδης. |4 trl | |
| 852 | |a INST |b RHODES |c KRI |e 20060216 |h 160 ΑΡΙ |p 005400021369 |q 005400021369 |t BK |y 0 | ||
| 901 | |a BIBL4-2006-1 | ||
| 909 | |a Ρ |b 123225 | ||
| 970 | |a ΚΟΖΑ |b ΜΑΡΙΑ |z 2006/02/16 | ||